00589nam a22001937a 450000500170000001000280001702000260004503500130007103500170008403700210010103700130012208200080013510000190014324501130016226000360027527000390031130000260035050000190037620150312150423.0 aBAC-EN21 ENG-111707 a9788121928311c395.00 aEN-95239 aB-589379-401 bTechniz/Venadpl bDBAD/PUB a485 aVerma, Shalini aWord power made handy : cby Shalini Vermabfor aspirants of CAT, MAT, XAT, GMAT, GRE, SAT, TOEFL & IELTS / c2014(repr.)aNew DelhibS.Chand a7361, Ram NagarbNew Delhie110055 c24cm(pbk)axxiv,392p. aIncludes index